[Event "SG Niederkassel. 1 - SK Münster 1"]
[Site "NRW-Klasse, Gruppe 2 2012/201"]
[Date "2012.12.16"]
[Round "4.7"]
[White "Chilla, Jan Eric"]
[Black "Wilke, Christopher"]
[Result "1/2-1/2"]
[WhiteElo "2106"]
[BlackElo "2003"]
[PlyCount "60"]
[EventDate "2012.??.??"]
[WhiteTeam "SK Münster 1"]
[BlackTeam "SG Niederkassel. 1"]

1. e4 c6 2. Nf3 d5 3. Nc3 Bg4 4. h3 Bxf3 5. Qxf3 e6 6. d3 Nf6 7. Bd2 dxe4 8.
dxe4 Nbd7 9. O-O-O Qc7 10. g4 g6 11. Be2 Bd6 12. Bh6 Rg8 13. Rxd6 Qxd6 14. Rd1
Qc5 15. Be3 Qe7 16. Bg5 O-O-O 17. e5 Qc5 18. Bxf6 Nxf6 19. Qxf6 Rxd1+ 20. Bxd1
Rd8 21. Ne4 Qd4 22. Bf3 Rd5 23. g5 Rxe5 24. c3 Qd5 25. Qxf7 Rxe4 26. Bxe4 Qxe4
27. Qg8+ Kc7 28. Qxh7+ Kb6 29. Qf7 Qe1+ 30. Kc2 Qe2+ 1/2-1/2

[Event "SG Niederkassel. 1 - SK Münster 1"]
[Site "NRW-Klasse, Gruppe 2 2012/201"]
[Date "2012.12.16"]
[Round "4.8"]
[White "Guelsen, Taylan"]
[Black "Borrink, Joern"]
[Result "1/2-1/2"]
[WhiteElo "2026"]
[BlackElo "2120"]
[PlyCount "55"]
[EventDate "2012.??.??"]
[WhiteTeam "SG Niederkassel. 1"]
[BlackTeam "SK Münster 1"]

1. e4 e6 2. d4 d5 3. exd5 exd5 4. Bd3 Bd6 5. Ne2 Nf6 6. Bg5 c6 7. h3 Nbd7 8.
Nd2 Nf8 9. O-O Ne6 10. Bh4 g5 11. Bg3 Nh5 12. Be5 Bxe5 13. dxe5 Nhf4 14. Ng3
Nxd3 15. cxd3 Nf4 16. Nh5 Nxh5 17. Qxh5 Be6 18. Nf3 h6 19. Nd4 Qe7 20. Rac1
O-O-O 21. Nb5 Kb8 22. Nd6 Rdg8 23. g4 Qc7 24. d4 Rh7 25. Rc3 Qa5 26. Rb3 b6 27.
a3 Qd2 28. Rf3 1/2-1/2

[Event "SK Herne-Sodingen 1 - SF Gerresheim 1"]
[Site "NRW-Klasse, Gruppe 2 2012/201"]
[Date "2012.12.16"]
[Round "4.1"]
[White "Savchenko, Viacheslav"]
[Black "Sandkamp, Ralph"]
[Result "1-0"]
[WhiteElo "2336"]
[BlackElo "2202"]
[PlyCount "129"]
[EventDate "2012.??.??"]
[WhiteTeam "SF Gerresheim 1"]
[BlackTeam "SK Herne-Sodingen 1"]

1. e4 c5 2. Nf3 d6 3. d4 cxd4 4. Nxd4 Nf6 5. Nc3 g6 6. Be3 Bg7 7. f3 O-O 8. Qd2
Nc6 9. O-O-O Nxd4 10. Bxd4 Be6 11. Kb1 Qc7 12. h4 Rfc8 13. h5 Qa5 14. hxg6 fxg6
15. a3 Rab8 16. Nd5 Qxd2 17. Rxd2 Nxd5 18. exd5 Bxd4 19. Rxd4 Bf5 20. Bd3 Bxd3
21. Rxd3 Rc7 22. Re3 Rf8 23. Rhe1 Rf7 24. b3 b5 25. Kb2 Kf8 26. Rc3 Rxc3 27.
Kxc3 Rf4 28. Re3 Ke8 29. g3 Rf5 30. Kd4 Kd7 31. f4 g5 32. Ke4 gxf4 33. gxf4 Rh5
34. Rc3 Rh2 35. Rc6 e6 36. c4 bxc4 37. bxc4 exd5+ 38. cxd5 Rb2 39. Ra6 Rb7 40.
Kf5 Ke7 41. a4 Rd7 42. Kg5 Kf7 43. Rc6 h6+ 44. Kf5 Kg7 45. a5 Rf7+ 46. Kg4 Rd7
47. Rc8 Kf6 48. Rf8+ Kg6 49. Rg8+ Kf6 50. Rh8 Kg6 51. a6 Rc7 52. Rg8+ Kf6 53.
Rd8 h5+ 54. Kxh5 Kf5 55. Rf8+ Ke4 56. Kg6 Kxd5 57. f5 Rc6 58. f6 Rxa6 59. f7
Ra1 60. Re8 Rg1+ 61. Kh5 Rf1 62. f8=Q Rxf8 63. Rxf8 Kc5 64. Ra8 Kb6 65. Kg4 1-0

[Event "SK Herne-Sodingen 1 - SF Gerresheim 1"]
[Site "NRW-Klasse, Gruppe 2 2012/201"]
[Date "2012.12.16"]
[Round "4.2"]
[White "Langers, Alexander"]
[Black "Dresen, Ulrich"]
[Result "1/2-1/2"]
[WhiteElo "2156"]
[BlackElo "2166"]
[PlyCount "112"]
[EventDate "2012.??.??"]
[WhiteTeam "SK Herne-Sodingen 1"]
[BlackTeam "SF Gerresheim 1"]

1. e4 d6 2. d4 Nf6 3. Nc3 e5 4. Nf3 Nbd7 5. Bc4 Be7 6. O-O O-O 7. a4 a5 8. Qe2
c6 9. h3 Qc7 10. Bg5 h6 11. Bh4 Re8 12. dxe5 dxe5 13. Nb1 Nf8 14. Nbd2 Ng6 15.
Bg3 Bc5 16. Nh4 Nf4 17. Qf3 Be6 18. Bxe6 Rxe6 19. Rad1 Nh7 20. Rfe1 Rd8 21. Nc4
Rxd1 22. Qxd1 Re8 23. Nf5 Ng6 24. h4 Nf6 25. h5 Nf8 26. Qf3 N8h7 27. Bh4 Re6
28. Rd1 Ng5 29. Bxg5 hxg5 30. g4 g6 31. Nfe3 Kg7 32. Kg2 Ng8 33. Rh1 Qe7 34.
Qh3 Bxe3 35. hxg6 fxg6 36. Qh8+ Kf8 37. Nxe3 Qf6 38. Qxf6+ Nxf6 39. Kf3 Nd7 40.
Rh7 Nc5 41. Nc4 Re7 42. Rh8+ Kg7 43. Ra8 Nxa4 44. b3 Nc5 45. Nxa5 Ne6 46. Ra7
Nd4+ 47. Kg2 Kf6 48. c3 Nb5 49. Rxb7 Rxb7 50. Nxb7 Nxc3 51. Kf3 Nb5 52. Ke3 Nd4
53. Nc5 Ke7 54. Kd3 Kd6 55. Nb7+ Kc7 56. Nc5 Kd6 1/2-1/2

[Event "SK Herne-Sodingen 1 - SF Gerresheim 1"]
[Site "NRW-Klasse, Gruppe 2 2012/201"]
[Date "2012.12.16"]
[Round "4.3"]
[White "Sponheim, Olaf"]
[Black "Schippan, Bernhard"]
[Result "1/2-1/2"]
[WhiteElo "2232"]
[BlackElo "2148"]
[PlyCount "83"]
[EventDate "2012.??.??"]
[WhiteTeam "SF Gerresheim 1"]
[BlackTeam "SK Herne-Sodingen 1"]

1. d4 Nf6 2. Nf3 g6 3. c4 Bg7 4. Nc3 O-O 5. e4 d6 6. Be2 e5 7. dxe5 dxe5 8.
Qxd8 Rxd8 9. Bg5 Rf8 10. Nxe5 Nxe4 11. Nxe4 Bxe5 12. O-O-O Nc6 13. Rhe1 Bf5 14.
Nf6+ Kg7 15. Ng4 Bxg4 16. Bxg4 h6 17. Be3 Rad8 18. Bd7 Nb8 19. Ba4 Rxd1+ 20.
Bxd1 Re8 21. Bd2 Re6 22. Bg4 Re7 23. f4 Bf6 24. b4 Rxe1+ 25. Bxe1 Bd4 26. Kc2
f5 27. Bf3 b6 28. Kd3 c5 29. a3 Kf7 30. Bb7 Nd7 31. b5 Bb2 32. a4 Bd4 33. a5
Ke7 34. a6 Kd6 35. Bc6 Nf6 36. h3 Bb2 37. g3 Bd4 38. Bf3 h5 39. h4 Kc7 40. Bc6
Kd6 41. Ke2 Kc7 42. Kf3 1/2-1/2

[Event "SK Herne-Sodingen 1 - SF Gerresheim 1"]
[Site "NRW-Klasse, Gruppe 2 2012/201"]
[Date "2012.12.16"]
[Round "4.4"]
[White "Wickenfeld, Stefan"]
[Black "Koehler, Markus"]
[Result "1-0"]
[WhiteElo "2069"]
[BlackElo "2104"]
[PlyCount "153"]
[EventDate "2012.??.??"]
[WhiteTeam "SK Herne-Sodingen 1"]
[BlackTeam "SF Gerresheim 1"]

1. d4 Nf6 2. Nf3 g6 3. c4 d6 4. Nc3 Bf5 5. g3 Ne4 6. Qb3 Nxc3 7. Qxb7 Be4 8. d5
Nxe2 9. Bxe2 Nd7 10. O-O Bg7 11. Be3 Rb8 12. Qxa7 Qc8 13. Qa5 Bxb2 14. Rae1 Bf5
15. Nd4 Bh3 16. Nc6 Bxf1 17. Nxb8 Bxe2 18. Nxd7 Qxd7 19. Rxe2 Bg7 20. Qa8+ Qd8
21. Qc6+ Qd7 22. a4 Qxc6 23. dxc6 O-O 24. a5 Ra8 25. Ra2 Ra6 26. Bb6 Kf8 27.
Bxc7 Ke8 28. Bb6 Bc3 29. Ra3 Bd2 30. c5 Ra8 31. cxd6 exd6 32. Rd3 Bxa5 33. Re3+
Kf8 34. Ra3 Rc8 35. Rxa5 Rxc6 36. Bd8 Ke8 37. Bg5 Kd7 38. Kg2 Ke6 39. Kf3 h5
40. Be3 Rc4 41. Ra6 f6 42. h4 Ke7 43. Ke2 Rc8 44. Kd3 Ke6 45. Bf4 Rd8 46. Ke4
Rd7 47. Kd4 Rd8 48. Rb6 Rd7 49. Rb8 Ra7 50. Re8+ Kf7 51. Rd8 Ra4+ 52. Kd5 g5
53. hxg5 fxg5 54. Bxd6 h4 55. Rh8 Ra2 56. gxh4 gxh4 57. Bc5 Kg6 58. Rxh4 Kf5
59. Be3 Ra5+ 60. Kc6 Ra6+ 61. Kb5 Re6 62. Kc4 Rd6 63. Rd4 Rc6+ 64. Kd3 Ra6 65.
Ke2 Ra2+ 66. Kf3 Ra8 67. Rd5+ Ke6 68. Ke4 Kf7 69. Kf5 Ra6 70. Bd4 Ke7 71. f4
Ra2 72. Bf6+ Kf7 73. Rd7+ Ke8 74. Ke6 Re2+ 75. Be5 Ra2 76. Rh7 Ra6+ 77. Bd6 1-0

[Event "SK Herne-Sodingen 1 - SF Gerresheim 1"]
[Site "NRW-Klasse, Gruppe 2 2012/201"]
[Date "2012.12.16"]
[Round "4.5"]
[White "Van Lanen, Antoon"]
[Black "Waldschmidt, Georg"]
[Result "0-1"]
[WhiteElo "2123"]
[BlackElo "2208"]
[PlyCount "79"]
[EventDate "2012.??.??"]
[WhiteTeam "SF Gerresheim 1"]
[BlackTeam "SK Herne-Sodingen 1"]

1. e4 c5 2. Ne2 Nc6 3. Nbc3 g6 4. g3 Bg7 5. Bg2 e6 6. d3 Nge7 7. Bg5 h6 8. Be3
Nd4 9. O-O O-O 10. Rb1 d6 11. Qd2 Kh7 12. a3 b6 13. b4 Bd7 14. Rfc1 Bc6 15. Nd1
d5 16. c3 Nxe2+ 17. Qxe2 cxb4 18. cxb4 Qd7 19. Bd2 dxe4 20. dxe4 Bb5 21. Qe3
Nc6 22. a4 Bxa4 23. Nc3 Ne5 24. Nxa4 Qxa4 25. Rc7 Rad8 26. Be1 Rd3 27. Qe2 Ra3
28. Rd1 Ra2 29. Rd2 Ra1 30. f4 Nc6 31. b5 Nd4 32. Qf1 Nxb5 33. Rcd7 Nd4 34. Rc7
Kg8 35. e5 Nb3 36. Rdd7 a5 37. h3 Nc5 38. Rd6 Rb8 39. Kh2 Bf8 40. Rcc6 0-1

[Event "SK Herne-Sodingen 1 - SF Gerresheim 1"]
[Site "NRW-Klasse, Gruppe 2 2012/201"]
[Date "2012.12.16"]
[Round "4.6"]
[White "Becker, Joerg"]
[Black "Liedmann, Dennis"]
[Result "1/2-1/2"]
[WhiteElo "2170"]
[BlackElo "2097"]
[PlyCount "78"]
[EventDate "2012.??.??"]
[WhiteTeam "SK Herne-Sodingen 1"]
[BlackTeam "SF Gerresheim 1"]

1. d4 g6 2. Nf3 Bg7 3. g3 d6 4. Bg2 Nd7 5. c3 e5 6. O-O Ne7 7. Nbd2 O-O 8. a4
c6 9. e4 Qc7 10. Nc4 Nb6 11. Ne3 a5 12. dxe5 dxe5 13. c4 Nd7 14. Qc2 Nc5 15.
Ne1 Rd8 16. b3 f5 17. Ba3 Nxe4 18. Bxe4 fxe4 19. Qxe4 Bh3 20. N1g2 Rd4 21. Qc2
Rad8 22. Rfd1 Nf5 23. Bb2 Rxd1+ 24. Rxd1 Nd4 25. Bxd4 exd4 26. Nf4 dxe3 27.
Nxh3 Rxd1+ 28. Qxd1 Qe5 29. fxe3 Qxe3+ 30. Kf1 Bd4 31. Qe2 Kf7 32. Qxe3 Bxe3
33. Ke2 Bh6 34. Nf2 Ke6 35. Kf3 Kf5 36. Nd3 Bf8 37. g4+ Kg5 38. h3 Kh4 39. Kg2
Kg5 1/2-1/2

[Event "SK Herne-Sodingen 1 - SF Gerresheim 1"]
[Site "NRW-Klasse, Gruppe 2 2012/201"]
[Date "2012.12.16"]
[Round "4.8"]
[White "Ribbeheger, Edgar"]
[Black "Volkov, Mykyta"]
[Result "1/2-1/2"]
[WhiteElo "1986"]
[BlackElo "2144"]
[PlyCount "121"]
[EventDate "2012.??.??"]
[WhiteTeam "SK Herne-Sodingen 1"]
[BlackTeam "SF Gerresheim 1"]

1. d4 Nf6 2. c4 e6 3. Nf3 b6 4. g3 Bb7 5. Bg2 Be7 6. O-O O-O 7. Nc3 Ne4 8. Qd3
Nxc3 9. Qxc3 c5 10. Rd1 d6 11. dxc5 bxc5 12. b3 Bf6 13. Qc2 Qb6 14. Bb2 Bxb2
15. Qxb2 Rd8 16. Qd2 Nc6 17. Qf4 e5 18. Qg4 Nd4 19. Nxd4 cxd4 20. Be4 a5 21.
Rab1 Rac8 22. Qf3 Bxe4 23. Qxe4 Qc6 24. Qxc6 Rxc6 25. e3 dxe3 26. fxe3 f5 27.
Rd5 Ra8 28. Rbd1 Raa6 29. a4 Kf7 30. Rb5 Rcb6 31. Rdd5 Ke6 32. Kf2 g6 33. Ke2
Rxb5 34. axb5 Ra8 35. Kd2 a4 36. Kc3 axb3 37. Kxb3 Ra1 38. Rd2 Rb1+ 39. Kc2 Rb4
40. Kc3 Rb1 41. Ra2 g5 42. Ra7 f4 43. gxf4 exf4 44. exf4 gxf4 45. Kd4 f3 46.
Ke3 Rb2 47. Kxf3 Rxh2 48. b6 Rb2 49. b7 Rb4 50. Ke3 h5 51. Kf3 h4 52. Kg2 Rb3
53. Kh2 h3 54. Ra3 Rxb7 55. Re3+ Kf5 56. Kxh3 Rb4 57. Rd3 Ke6 58. Rd4 Kd7 59.
Kg3 Kc6 60. Kf3 Kc5 61. Rd5+ 1/2-1/2

[Event "SG Solingen 3 - SK Herne-Sodingen 1"]
[Site "NRW-Klasse, Gruppe 2 2012/201"]
[Date "2013.01.20"]
[Round "5.1"]
[White "Graw, Christopher"]
[Black "Kniest, Oliver"]
[Result "1/2-1/2"]
[WhiteElo "2177"]
[BlackElo "2253"]
[PlyCount "26"]
[EventDate "2013.??.??"]
[WhiteTeam "SK Herne-Sodingen 1"]
[BlackTeam "SG Solingen 3"]

1. e4 e6 2. Nc3 d5 3. g3 dxe4 4. Nxe4 Nf6 5. Bg2 Nbd7 6. d3 Nxe4 7. dxe4 Bc5 8.
Nf3 e5 9. O-O O-O 10. b3 c6 11. Bb2 Qc7 12. Qe2 Re8 13. Rad1 Nf6 1/2-1/2

[Event "SG Solingen 3 - SK Herne-Sodingen 1"]
[Site "NRW-Klasse, Gruppe 2 2012/201"]
[Date "2013.01.20"]
[Round "5.2"]
[White "Gupta, Milon"]
[Black "Langers, Alexander"]
[Result "1/2-1/2"]
[WhiteElo "2226"]
[BlackElo "2156"]
[PlyCount "151"]
[EventDate "2013.??.??"]
[WhiteTeam "SG Solingen 3"]
[BlackTeam "SK Herne-Sodingen 1"]

1. d4 d5 2. c4 e6 3. Nc3 Nf6 4. cxd5 exd5 5. Bg5 Be7 6. e3 O-O 7. Bd3 Nbd7 8.
Qc2 Re8 9. Nf3 c6 10. O-O Nf8 11. h3 Ne4 12. Bf4 Nxc3 13. Qxc3 Bd6 14. Bxd6
Qxd6 15. b4 a6 16. a4 Qf6 17. Ne5 Qg5 18. f4 Qg3 19. Qe1 Qxe1 20. Rfxe1 f6 21.
Nf3 Kf7 22. Kf2 Bd7 23. Rab1 Ke7 24. g4 Kd6 25. Rec1 Ne6 26. h4 h6 27. Nd2 Nc7
28. f5 Rh8 29. Rg1 b6 30. Nb3 Rab8 31. Ke2 Ra8 32. Kd2 Rab8 33. Kc3 Rbe8 34.
Rbe1 Re7 35. a5 bxa5 36. bxa5 Bc8 37. Nc5 Rhe8 38. Kd2 Nb5 39. Rgf1 Rh8 40. Rf3
Rhe8 41. Rg1 Rf8 42. g5 hxg5 43. hxg5 Rh8 44. Rfg3 Rh2+ 45. R1g2 Rxg2+ 46. Rxg2
fxg5 47. Rxg5 Rf7 48. Rg6+ Kc7 49. Bxb5 cxb5 50. Nxa6+ Bxa6 51. Rxa6 Rxf5 52.
Ra7+ Kc6 53. Rxg7 b4 54. a6 Rf2+ 55. Kc1 Ra2 56. a7 Kb6 57. Rd7 Kc6 58. Kb1 b3
59. Re7 Kb5 60. Rc7 Kb4 61. Rd7 Kc4 62. Rb7 Kc3 63. Rc7+ Kd3 64. Re7 Kc4 65.
Rd7 Kd3 66. Rxd5 Rxa7 67. Re5 Kc3 68. Re8 Rh7 69. Rc8+ Kd3 70. d5 Kxe3 71. d6
Rd7 72. Rc6 Kd4 73. Kb2 Kd5 74. Ra6 Rxd6 75. Rxd6+ Kxd6 76. Kxb3 1/2-1/2

[Event "SG Solingen 3 - SK Herne-Sodingen 1"]
[Site "NRW-Klasse, Gruppe 2 2012/201"]
[Date "2013.01.20"]
[Round "5.4"]
[White "Neumair, Jerome"]
[Black "Waldschmidt, Georg"]
[Result "1/2-1/2"]
[WhiteElo "2083"]
[BlackElo "2208"]
[Annotator "Doe,John"]
[PlyCount "67"]
[EventDate "2013.??.??"]
[WhiteTeam "SG Solingen 3"]
[BlackTeam "SK Herne-Sodingen 1"]

1. d4 d5 2. c4 e6 3. Nc3 c5 4. cxd5 exd5 5. Nf3 Nc6 6. g3 Nf6 7. Bg2 Be7 8. O-O
O-O 9. Bg5 c4 10. b3 cxb3 11. axb3 Bf5 12. Ne5 Nb4 13. Na2 Ne4 14. Bd2 $11 a5
15. g4 Be6 16. Be1 Qb6 17. f3 Bd6 18. fxe4 Bxe5 19. e3 Bf6 20. Nxb4 axb4 21.
Rxa8 Rxa8 22. exd5 Bd7 23. Bf2 Ra2 24. Qf3 h6 25. e4 Bxd4 26. Qxf7+ Kh7 27.
Qxd7 Rxf2 28. Rxf2 Bxf2+ 29. Kf1 Bd4 30. Qf5+ Kh8 31. Qf8+ Kh7 32. Qf5+ Kh8 33.
Qf8+ Kh7 34. Qf5+ 1/2-1/2

[Event "SG Solingen 3 - SK Herne-Sodingen 1"]
[Site "NRW-Klasse, Gruppe 2 2012/201"]
[Date "2013.01.20"]
[Round "5.5"]
[White "Becker, Joerg"]
[Black "Peschel, Andreas"]
[Result "1/2-1/2"]
[WhiteElo "2170"]
[BlackElo "2156"]
[PlyCount "105"]
[EventDate "2013.??.??"]
[WhiteTeam "SK Herne-Sodingen 1"]
[BlackTeam "SG Solingen 3"]

1. d4 d5 2. Nf3 c6 3. c4 e6 4. e3 Nf6 5. Nc3 Nbd7 6. Bd3 dxc4 7. Bxc4 b5 8. Bd3
a6 9. O-O Bb7 10. b3 c5 11. Bb2 cxd4 12. exd4 Qa5 13. Qe2 Ba3 14. Bxa3 Qxa3 15.
Bxb5 axb5 16. Nxb5 Ba6 17. Nc7+ Kd8 18. Nxa6 Qxa6 19. Qe3 h6 20. Rfd1 Nd5 21.
Qe4 Ke7 22. Ne5 Nxe5 23. Qxe5 Qd6 24. Qxg7 Nf4 25. Qe5 Qxe5 26. dxe5 Rhc8 27.
g3 Ne2+ 28. Kf1 Rc2 29. a4 Nc3 30. Rdc1 Rxc1+ 31. Rxc1 Nd5 32. Rc4 Kf8 33. Rh4
Kg7 34. Rg4+ Kh7 35. Rd4 Kg6 36. Rd3 Ra7 37. Rd4 Rb7 38. a5 Rxb3 39. Ra4 Rb7
40. Kg2 Kf5 41. Rh4 Kxe5 42. Rxh6 Ra7 43. f4+ Kf5 44. Kf3 Nxf4 45. gxf4 Rb7 46.
Rh5+ Kg6 47. Rg5+ Kh6 48. Re5 Rb1 49. h4 Ra1 50. h5 Ra3+ 51. Kg4 Ra4 52. Kf3 f5
53. Rxe6+ 1/2-1/2

[Event "SG Solingen 3 - SK Herne-Sodingen 1"]
[Site "NRW-Klasse, Gruppe 2 2012/201"]
[Date "2013.01.20"]
[Round "5.6"]
[White "Auer, Martin"]
[Black "Trzaska, Peter"]
[Result "0-1"]
[WhiteElo "2172"]
[BlackElo "2075"]
[PlyCount "72"]
[EventDate "2013.??.??"]
[WhiteTeam "SG Solingen 3"]
[BlackTeam "SK Herne-Sodingen 1"]

1. f4 d5 2. Nf3 Nf6 3. e3 g6 4. Be2 Bg7 5. O-O O-O 6. d3 c5 7. Qe1 Nc6 8. c3
Qd6 9. Na3 e5 10. Nb5 Qb8 11. fxe5 Nxe5 12. Nxe5 Qxe5 13. e4 Ne8 14. Bf4 Qe6
15. Bf3 Qb6 16. a4 a6 17. Na3 Qxb2 18. e5 Be6 19. Nb5 axb5 20. Rf2 Qxa1 21.
Qxa1 Nc7 22. Ra2 d4 23. c4 bxc4 24. dxc4 Bxc4 25. Rb2 Nd5 26. Qc1 Nc3 27. Rc2
Rxa4 28. Rxc3 dxc3 29. Qxc3 Be6 30. Be3 b6 31. Bc6 Rb4 32. Bg5 h6 33. Be7 Rc8
34. Bf3 Rd4 35. Qe3 Re8 36. Bd6 Rxd6 0-1

[Event "SG Solingen 3 - SK Herne-Sodingen 1"]
[Site "NRW-Klasse, Gruppe 2 2012/201"]
[Date "2013.01.20"]
[Round "5.7"]
[White "Schriewer, Thomas"]
[Black "Schockenbaeumer, Dirk"]
[Result "1/2-1/2"]
[WhiteElo "1988"]
[BlackElo "2055"]
[Annotator "Doe,John"]
[PlyCount "105"]
[EventDate "2013.??.??"]
[WhiteTeam "SK Herne-Sodingen 1"]
[BlackTeam "SG Solingen 3"]

1. d4 Nf6 2. c4 g6 3. Nc3 d5 4. cxd5 Nxd5 5. e4 Nxc3 6. bxc3 Bg7 7. Bc4 O-O 8.
Ne2 c5 9. Be3 Nc6 10. O-O Bg4 11. f3 Na5 12. Bd3 cxd4 13. cxd4 Be6 14. d5 Bxa1
15. Qxa1 f6 16. Bh6 Re8 17. Nf4 Bd7 18. Kh1 Rc8 19. e5 Nc4 20. e6 Ba4 21. Nxg6
hxg6 22. Bxg6 Ne5 23. Be4 Bc2 24. Bxc2 Rxc2 25. Qd1 Qc7 26. f4 Rc1 27. Qxc1
Qxc1 28. Rxc1 Ng4 29. Rc7 Nxh6 30. Rxb7 Kf8 $11 31. Rxa7 Rd8 32. Rd7 Ra8 33. h3
Nf5 34. g4 Nd6 35. Kg2 Rxa2+ 36. Kf3 Ra3+ 37. Kg2 Ra2+ 38. Kg3 Ra3+ 39. Kh2 Rd3
40. Rd8+ Kg7 41. Rd7 Kf8 42. h4 Rxd5 43. h5 Rd2+ 44. Kh3 Rd3+ 45. Kg2 Rd2+ 46.
Kf3 Rd3+ 47. Kf2 Rd2+ 48. Ke3 Rh2 49. Kf3 Rh3+ 50. Kg2 Rh4 51. Kg3 Rh1 52. Kg2
Rh4 53. Kg3 1/2-1/2

[Event "SG Solingen 3 - SK Herne-Sodingen 1"]
[Site "NRW-Klasse, Gruppe 2 2012/201"]
[Date "2013.01.20"]
[Round "5.8"]
[White "Scheffner, Axel"]
[Black "Ribbeheger, Edgar"]
[Result "1/2-1/2"]
[WhiteElo "2182"]
[BlackElo "1986"]
[PlyCount "94"]
[EventDate "2013.??.??"]
[WhiteTeam "SG Solingen 3"]
[BlackTeam "SK Herne-Sodingen 1"]

1. c4 Nf6 2. g3 g6 3. Bg2 d5 4. d4 Bg7 5. cxd5 Nxd5 6. e4 Nb6 7. Ne2 O-O 8. O-O
c5 9. d5 e6 10. Nbc3 exd5 11. exd5 Bg4 12. h3 Bxe2 13. Qxe2 N8d7 14. Be3 Re8
15. Rad1 a6 16. Qc2 Nc4 17. Bc1 Nd6 18. Ne4 Nxe4 19. Bxe4 Qe7 20. Bg2 Qd6 21.
Be3 Rac8 22. Rfe1 b5 23. Bf4 Be5 24. Bxe5 Rxe5 25. Rxe5 Nxe5 26. f4 Nc4 27. Re1
Qf6 28. b3 Nd6 29. Qe2 Re8 30. Qxe8+ Nxe8 31. Rxe8+ Kg7 32. Kh2 c4 33. bxc4
bxc4 34. Rc8 c3 35. d6 Qxd6 36. Rxc3 Qd2 37. Ra3 a5 38. Ra4 h5 39. h4 Kf6 40.
a3 Kg7 41. Re4 Qd3 42. a4 Kf6 43. Re5 Qd2 44. Rb5 Kg7 45. Kh3 Qd7+ 46. Kh2 Qd2
47. Kh3 Qd7+ 1/2-1/2

[Event "SK Münster 1 - Oberhausener SV 1"]
[Site "NRW-Klasse, Gruppe 2 2012/201"]
[Date "2013.01.20"]
[Round "5.1"]
[White "Hort, Vlastimil"]
[Black "Cuijpers, Frans Andre"]
[Result "1/2-1/2"]
[WhiteElo "2414"]
[BlackElo "2405"]
[Annotator "Doe,John"]
[PlyCount "123"]
[EventDate "2013.??.??"]
[WhiteTeam "Oberhausener SV 1"]
[BlackTeam "SK Münster 1"]

1. d4 Nf6 2. c4 c6 3. Nf3 d5 4. Nbd2 Bf5 5. g3 e6 6. Bg2 h6 7. O-O Nbd7 8. b3
Be7 9. Bb2 O-O 10. a3 a5 11. Re1 Ne4 12. e3 g5 13. Nxe4 Bxe4 14. Bf1 Bxf3 15.
Qxf3 f5 16. cxd5 cxd5 17. Rec1 Nf6 18. Bc3 Bd6 19. Be1 Ne4 20. Qe2 g4 21. Bg2
Ng5 22. b4 axb4 23. axb4 Qe7 24. b5 Rxa1 25. Rxa1 Rc8 26. Qb2 Qc7 27. Ba5 Qc2
28. Qxc2 Rxc2 29. Bf1 Kf7 30. Kg2 Ke7 31. Bd3 Rb2 32. Rb1 Ra2 33. Be1 Nf3 34.
h3 Nxe1+ 35. Rxe1 gxh3+ 36. Kf3 Kf6 $11 37. Rh1 Rd2 38. Be2 Bb4 39. Rxh3 Kg5
40. Rh1 Rc2 41. Ra1 Rc8 42. Bd3 Be7 43. Ra7 Rb8 44. Kg2 h5 45. Kh3 Bd8 46. Be2
Bb6 47. Ra1 Rc8 48. Kg2 Rc2 49. Kf3 Rc8 50. Rh1 Rh8 51. Kg2 Rh7 52. Kf1 Kg6 53.
Bf3 Bd8 54. Ke2 h4 55. gxh4 Rxh4 56. Rg1+ Kf7 57. Ra1 Rh7 58. Ra8 Bb6 59. Rb8
Kf6 60. Kd3 Ba5 61. Ra8 Bb6 62. Rb8 1/2-1/2

[Event "SK Münster 1 - Oberhausener SV 1"]
[Site "NRW-Klasse, Gruppe 2 2012/201"]
[Date "2013.01.20"]
[Round "5.2"]
[White "Bosboom, Manuel"]
[Black "Becker, Marcel"]
[Result "0-1"]
[WhiteElo "2440"]
[BlackElo "2328"]
[PlyCount "44"]
[EventDate "2013.??.??"]
[WhiteTeam "SK Münster 1"]
[BlackTeam "Oberhausener SV 1"]

1. c4 c6 2. Nf3 d5 3. Qc2 g6 4. b3 Bg7 5. Bb2 d4 6. c5 Bg4 7. e3 Bxf3 8. gxf3
Nd7 9. f4 Nh6 10. h4 Qc7 11. Na3 O-O-O 12. b4 Kb8 13. Nc4 e5 14. Nd6 exf4 15.
O-O-O Ng4 16. exd4 Nxf2 17. Bc4 Nxd1 18. Kxd1 Nb6 19. Nxf7 Nxc4 20. Qxc4 f3 21.
Rf1 Qf4 22. Qd3 Qxf7 0-1

[Event "SK Münster 1 - Oberhausener SV 1"]
[Site "NRW-Klasse, Gruppe 2 2012/201"]
[Date "2013.01.20"]
[Round "5.3"]
[White "Kaufeld, Juergen"]
[Black "Molinaroli, Martin"]
[Result "1-0"]
[WhiteElo "2296"]
[BlackElo "2276"]
[PlyCount "75"]
[EventDate "2013.??.??"]
[WhiteTeam "Oberhausener SV 1"]
[BlackTeam "SK Münster 1"]

1. e4 c6 2. d4 d5 3. e5 c5 4. c4 Nc6 5. Nf3 cxd4 6. Nxd4 e6 7. Nc3 Nge7 8. cxd5
Nxd5 9. Nxc6 bxc6 10. Bc4 Be7 11. Qg4 g6 12. O-O Qc7 13. Re1 Rb8 14. Qg3 Qa5
15. Bh6 Nxc3 16. bxc3 Qc5 17. Bb3 Ba6 18. Qh3 Bf8 19. Be3 Qxc3 20. Rac1 Qb4 21.
Bxa7 Rd8 22. Qf3 Bb5 23. Bb6 Be7 24. Bxd8 Bxd8 25. Qe4 Ba5 26. Qxb4 Bxb4 27.
Red1 Ba3 28. Rc2 O-O 29. Rd7 c5 30. Ra7 Rd8 31. h3 Rd1+ 32. Kh2 Bb4 33. a3 Be1
34. Rxc5 Rb1 35. Rxb5 Bxf2 36. Rd7 h5 37. Rd2 Be1 38. Rd1 1-0

[Event "SK Münster 1 - Oberhausener SV 1"]
[Site "NRW-Klasse, Gruppe 2 2012/201"]
[Date "2013.01.20"]
[Round "5.4"]
[White "Wolter, Kai"]
[Black "Litwak, Aleksej"]
[Result "1-0"]
[WhiteElo "2223"]
[BlackElo "2213"]
[PlyCount "119"]
[EventDate "2013.??.??"]
[WhiteTeam "SK Münster 1"]
[BlackTeam "Oberhausener SV 1"]

1. e4 c5 2. Nf3 d6 3. d4 cxd4 4. Nxd4 Nf6 5. Nc3 Nc6 6. Be2 g6 7. O-O Bg7 8.
Nb3 O-O 9. Re1 b6 10. Bf1 Bb7 11. Nd5 e6 12. Nxf6+ Bxf6 13. c3 Rc8 14. a4 Qc7
15. Bh6 Rfd8 16. f4 Bh8 17. Qg4 a6 18. h4 b5 19. axb5 axb5 20. Nd2 b4 21. Rac1
Ra8 22. f5 Ne5 23. Qh3 exf5 24. exf5 Qd7 25. cxb4 Qxf5 26. Qxf5 gxf5 27. Bg5
Rdc8 28. Nb3 Ng4 29. Rxc8+ Rxc8 30. Bd3 Be4 31. Bxe4 fxe4 32. Rxe4 h5 33. b5
Bxb2 34. b6 Rb8 35. Rb4 Bc3 36. Rb5 Rb7 37. Bd2 Be5 38. Kf1 Bg3 39. Na5 Re7 40.
b7 d5 41. b8=Q+ Bxb8 42. Rxb8+ Kh7 43. Rb7 Rxb7 44. Nxb7 Kg6 45. Ke2 Kf5 46.
Nd6+ Ke6 47. Ne8 Kf5 48. g3 Ne5 49. Bf4 Ng4 50. Kd3 Nh2 51. Nc7 Kg4 52. Nxd5
Nf3 53. Ne3+ Kh3 54. Nf5 f6 55. Ke4 Ne1 56. Bd6 Kg4 57. Ne3+ Kh3 58. Bb4 Ng2
59. Nxg2 Kxg3 60. Kf5 1-0

[Event "SK Münster 1 - Oberhausener SV 1"]
[Site "NRW-Klasse, Gruppe 2 2012/201"]
[Date "2013.01.20"]
[Round "5.5"]
[White "Nissen, Claus"]
[Black "Bolwerk, Peter"]
[Result "1/2-1/2"]
[WhiteElo "2144"]
[BlackElo "2209"]
[PlyCount "60"]
[EventDate "2013.??.??"]
[WhiteTeam "Oberhausener SV 1"]
[BlackTeam "SK Münster 1"]

1. e4 c5 2. Nf3 e6 3. d3 Nc6 4. g3 g6 5. Bg2 Bg7 6. O-O Nge7 7. Re1 d6 8. Nbd2
O-O 9. h4 Qc7 10. Qe2 Nd4 11. Nxd4 cxd4 12. Nc4 e5 13. a4 Be6 14. b3 d5 15.
Nxe5 dxe4 16. Qxe4 Rfe8 17. Nc4 Nd5 18. Ba3 Rad8 19. Bh3 Ne3 20. Nd6 Rxd6 21.
Bxd6 Qxd6 22. fxe3 f5 23. Qf3 dxe3 24. Bg2 f4 25. Qxf4 Be5 26. Qe4 Bf7 27. Qf3
Bxg3 28. Re2 Bxh4 29. Rf1 Re7 30. Qf4 Bf2+ 1/2-1/2

[Event "SK Münster 1 - Oberhausener SV 1"]
[Site "NRW-Klasse, Gruppe 2 2012/201"]
[Date "2013.01.20"]
[Round "5.6"]
[White "Korth, Daniel"]
[Black "Ciornei, Dragos"]
[Result "0-1"]
[WhiteElo "2179"]
[BlackElo "2118"]
[PlyCount "86"]
[EventDate "2013.??.??"]
[WhiteTeam "SK Münster 1"]
[BlackTeam "Oberhausener SV 1"]

1. d4 Nf6 2. Nf3 g6 3. Bg5 Bg7 4. Nbd2 h6 5. Bh4 O-O 6. c3 d6 7. e4 Nbd7 8. Bd3
e5 9. O-O Qe8 10. Re1 Nh5 11. Bg3 a5 12. a4 Nxg3 13. hxg3 Qe7 14. Nc4 b6 15.
Ne3 Bb7 16. d5 h5 17. Nd2 Bh6 18. Ndf1 Nf6 19. b4 Bc8 20. Qc2 Ng4 21. Nxg4 hxg4
22. Ne3 Kg7 23. Nc4 Qg5 24. bxa5 bxa5 25. Na3 Qh5 26. Nb5 Rh8 27. Kf1 Qh1+ 28.
Ke2 Qxg2 29. Kd1 Ba6 30. Qe2 Bg5 31. Kc2 Bxb5 32. axb5 Qf3 33. Kb3 Rh2 34. Ra2
a4+ 35. Kb4 a3 36. Kb3 Rxf2 37. Qxf2 Qxd3 38. Kb4 Rb8 39. c4 c5+ 40. dxc6 d5
41. Qc5 Bd2+ 42. Rxd2 Qxd2+ 43. Kxa3 Qc3+ 0-1